• 首页
  • 本馆介绍
  • 公告通知
  • 最新文献
  • 馆藏检索
  • 电子资源
  • 读者导购
  • 参考咨询
  • 我的图书馆
  • 登录
  • 详细信息显示
  • 放入我的书架
  • 预约/预借图书
  • 作者相关作品
  • 分类相关作品
  • 丛书相关作品
  • 出版社相关作品

书目信息

  • 表格格式
  • 工作单格式
  • 卡片格式
题名:
间谍与反间谍
    
 
作者: 波波夫 著 ;谷桦 译
分册:  
出版信息: 北京   群众出版社  1983.2
页数: 356页
开本: 19cm
丛书名:
单 册:
中图分类: D754.336
科图分类:
主题词: 情报机构--南斯拉夫 , 情报机构--活动--南斯拉夫
电子资源:
ISBN:
000 00651nam0 2200229 45
001 0302251548
005 20050623151657.5
010    @dCNY0.90
091    @a3067.154
100    @a20030225d1983 km y0chiy0120 ea
101 0  @achi
105    @a z 000yy
200 1  @a间谍与反间谍@AJian Die Yu Fan Jian Die@f(南)达斯科·波波夫著@F(Nan)Da Si Ke·Bo Bo Fu Zhu@g谷桦译
210    @a北京@c群众出版社@d1983.2
215    @a356页@d19cm
606 0  @a情报机构@y南斯拉夫
606 0  @a情报机构@x活动@y南斯拉夫
690    @aD754.336@v3
701  0 @a波波夫@4著
702  0 @a谷桦@AGu Hua@4译
801    @aCN@bTSTC@c20031201
905    @dD754.336@e49@f1@b89293
    
    间谍与反间谍/(南)达斯科·波波夫著/谷桦译.-北京:群众出版社,1983.2
    356页;19cm
    
    
    ISBN :CNY0.90
    
●
相关链接 在E读中查询图书 在五车中查询图书 在当当中查询图书 在豆瓣中查询图书


正题名:间谍与反间谍     索取号:D754.336/49         预约/预借

序号 登录号 条形码 馆藏地/架位号 状态 备注
1 0089290   001753329   密集书库/ [索取号:D754.336/49] 在馆    
2 0089291   001528724   密集书库/ [索取号:D754.336/49] 在馆    
3 0089292   001753338   密集书库/ [索取号:D754.336/49] 在馆    
4 0089293   001014743   第一样本阅览室/ [索取号:D754.336/49] 在馆    
5 0090576   001528715   密集书库/ [索取号:D754.336/49] 在馆    
6 0090578   001753356   密集书库/ [索取号:D754.336/49] 在馆    
唐山师范学院图书馆 欢迎您!
大连网信软件有限公司© 版权所有